| 000 | 00880cam a2200229 4500 | ||
|---|---|---|---|
| 001 | WB4012-02 | ||
| 008 | 040323n2004 000 0 eng u | ||
| 035 | _a(Sirsi) u125537 | ||
| 245 | _aPrivate investors optimistic about prospects | ||
| 260 | _c2004 | ||
| 490 |
_aProperty Week _v69(12) 19 March 2004, 23(1) |
||
| 520 | _aThe latest PrimePitch/Property Week survey reports more than three-quarters of respondents are planning further property investments in the next three months. This optimism has doubled since the last quarter, when the Iraq war set back industry progress and business confidence. | ||
| 590 | _aWB | ||
| 590 | _aWB | ||
| 650 | _aPRIVATE INVESTORS | ||
| 650 | _aRETAIL INVESTMENT | ||
| 650 | _aOFFICE MARKET | ||
| 650 | _aINDUSTRIAL PROPERTY MARKET | ||
| 650 | _aBUSINESS CONFIDENCE | ||
| 690 | _aCOMMERCIAL PROPERTY-INVESTMENT | ||
| 942 | _n0 | ||
| 999 |
_c117128 _d117128 |
||